[Event "Delft Prinsenstad op-B"]
[Site "Delft"]
[Date "2008.01.05"]
[Round "3"]
[White "Admiraal, Miguoel"]
[Black "Oversloot, Wilco"]
[Result "1-0"]
[WhiteElo "1898"]
[BlackElo "1799"]
[PlyCount "59"]
[EventDate "2008.01.04"]
[EventType "swiss"]
[EventRounds "6"]
[EventCountry "NED"]
[SourceTitle "EXT 2010"]
[Source "ChessBase"]
[SourceDate "2010.11.25"]
[SourceVersion "1"]
[SourceVersionDate "2010.11.25"]
[SourceQuality "1"]

1. e4 e5 2. Nf3 Nf6 3. Nxe5 d6 4. Nf3 Nxe4 5. d4 d5 6. Bd3 Nc6 7. 0-0 Bg4 8. Re1 Be7 9. c3 f5 10. h3 Bh5 11. Nbd2 0-0 12. Qb3 Rb8 13. Ne5 Nxe5 14. dxe5 Bc5 15. Bxe4 fxe4 16. Nxe4 Bxf2+ 17. Nxf2 Rxf2 18. Kxf2 Qh4+ 19. g3 Rf8+ 20. Kg2 Bf3+ 21. Kh2 Qh5 22. Bf4 g5 23. Be3 Be4 24. Qd1 Bf3 25. Qd2 h6 26. Rf1 c6 27. Rf2 g4 28. h4 Qxe5 29. Bxh6 Re8 30. Qg5+ 1-0